LEADER 01112nam a2200277 i 4500 001 000000109106 003 CaOOAMICUS 005 20180316000000.0 008 180316s1962 it u000 u ita u 013 $a81786 040 $aSeMil$bita 100 1 $aLambruschini, Raffaello,$d<1788-1873>.$0(OLS)http://semarc/name/35834 245 10$aDella educazione /$cRaffaello Lambruschini ; a cura di Mario Casotti. 250 $a11. ed. 260 $aBrescia :$bLa Scuola,$c1962. 300 $aXXXVIII, 336 p. ;$c21 cm. 490 0 $aL'educazione : classici della pedagogia commentati 500 $aContiene : Appendice. 650 4$aEducazione - Studi.$0(OLS)http://semarc/subject/1420 700 1 $aCasotti, Mario,$d<1924-1975>.$0(OLS)http://semarc/name/2109 830 2$aL'educazione.$0(OLS)http://semarc/title/6771 850 $aSeMil 852 $aSeMil$W1$xVenegono$y1$m2Q II 503$j65125$B65125$CSeMilBibl$Z2$F72684 $81 961 $aRecupero: Seminario di Seveso 996 $6245$aDella educazione$9(OLS)http://semarc/title/158336 996 $6260$aBrescia :$bLa Scuola$9(OLS)http://semarc/publisher/29831 LEADER 01157nam a2200265 i 4500 001 000000063129 003 CaOOAMICUS 005 20120514000000.0 008 120514s1970 it u000 u ita u 013 $a34301 040 $aSeMil$bita 100 1 $aHeggen, F. J.$0(OLS)http://semarc/name/31914 240 10$aBoete-viering en private biecht.$0(OLS)http://semarc/title/99552 245 10$aCelebrazione penitenziale comunitaria e confessione privata /$cF. Heggen J. 260 $aBrescia :$bQueriniana,$ccopyr. 1970. 300 $a127 p. ;$c21 cm. 490 0 $aProblemi di teologia pratica ;$v9 650 4$aPenitenza.$0(OLS)http://semarc/subject/4486 650 4$aPenitenza - Manuali.$0(OLS)http://semarc/subject/4416 830 0$aProblemi di teologia pratica ;$v9.$0(OLS)http://semarc/title/6150 850 $aSeMil 852 $aSeMil$W1$xVenegono$y1$m2D V 172$j29282$B29282$CSeMilBibl$Z2$F29285 $81 961 $aOmaggio: Oggioni don Costantino 996 $6245$aCelebrazione penitenziale comunitaria e confessione privata$9(OLS)http://semarc/title/99551 996 $6260$aBrescia :$bQueriniana$9(OLS)http://semarc/publisher/29615